Surveying III Higher surveying / (Record no. 13227)
[ view plain ]
| 000 -LEADER | |
|---|---|
| fixed length control field | 00428cam a2200169ua 4500 |
| 003 - CONTROL NUMBER IDENTIFIER | |
| control field | OSt |
| 008 - FIXED-LENGTH DATA ELEMENTS--GENERAL INFORMATION | |
| fixed length control field | 250506b |||||||| |||| 00| 0 eng d |
| 041 ## - LANGUAGE CODE | |
| Language code of text/sound track or separate title | eng |
| 082 ## - DEWEY DECIMAL CLASSIFICATION NUMBER | |
| Classification number | 624.1517 |
| Item number | PUN/SU |
| 100 ## - MAIN ENTRY--AUTHOR NAME | |
| Personal name | Punmia, B C. |
| 245 ## - TITLE STATEMENT | |
| Title | Surveying III Higher surveying / |
| 260 ## - PUBLICATION, DISTRIBUTION, ETC. (IMPRINT) | |
| Place of publication | New Delhi : |
| Name of publisher | Laxmi publications , |
| Year of publication | 2005. |
| 300 ## - PHYSICAL DESCRIPTION | |
| Number of Pages | 273 ; . |
| 700 1# - ADDED ENTRY--PERSONAL NAME | |
| Personal name | Jain, A K. |
| 700 1# - ADDED ENTRY--PERSONAL NAME | |
| Personal name | Jain, Arun K . |
| 942 ## - ADDED ENTRY ELEMENTS (KOHA) | |
| Koha item type | Books |
| Withdrawn status | Lost status | Damaged status | Home library | Current library | Date acquired | Full call number | Accession Number | Koha item type |
|---|---|---|---|---|---|---|---|---|
| KAUAET | KAUAET | 07/04/2012 | 624.1517 PUN/SU | 21870 | Books |
